LEADER 01412nam2-2200409li-450 001 990000120320203316 005 20180312154818.0 010 $a90-277-1796-6 035 $a0012032 035 $aUSA010012032 035 $a(ALEPH)000012032USA01 035 $a0012032 100 $a2001991091987-------y0itay0103----ba 101 0 $aeng 102 $aJA 200 1 $aApplied mathematics for earth scientists$fT. Rikitake, R. Sato and Y. Hagiwara 210 $aTokio$cTerra Scientific Publishing Company ; Dordrecht [etc.]$cReidel$dcopyr. 1987 215 $aXVI, 435 p.$cill.$d24 cm 225 2 $aMathematical approaches to geophysics$v0 410 0$10010012033$12001$aMathematical approaches to geophysics$feditor T. Rikitake$gco-editor M. Hazewinkel 610 1 $ageologia metodi matematici 676 $a551.015 700 1$aRikitake,$bTsuneji$031250 702 1$aHagiwara,$bYukio 702 1$aSato,$bRyosuke 801 $aSistema bibliotecario di Ateneo dell' Università di Salerno$gRICA 912 $a990000120320203316 951 $a551.015 1 RIK$b12892/CBS$c551.015 1$d00326088 959 $aBK 969 $aSCI 979 $c19910904 979 $c20001110$lUSA01$h1711 979 $c20020403$lUSA01$h1619 979 $aPATRY$b90$c20040406$lUSA01$h1609 979 $aRSIAV6$b90$c20090824$lUSA01$h1011 996 $aApplied mathematics for earth scientists$91501092 997 $aUNISA LEADER 01302nam a2200301 i 4500 001 991001441429707536 005 20020507193520.0 008 950801s1994 sz ||| | eng 020 $a0817650121 035 $ab10847972-39ule_inst 035 $aLE01312317$9ExL 040 $aDip.to Matematica$beng 082 0 $a515.352 084 $aAMS 34A30 100 1 $aHalanay, Aristide$058973 245 10$aTime-varying discrete linear systems.Input-output operators, Riccati equations, Disturbance attenuation /$cAristide Halanay, Vlad Ionescu 260 $aBasel ; Boston ; Berlin :$bBirkhauser,$cc1994 300 $a228 p. ;$c24 cm. 490 0 $aOperator theory.$pAdvances and applications ;$v68 500 $aIncludes bibliographical references (p. [221]-224) and index 650 4$aDiscrete-time systems 700 1 $aIonescu, Vlad$eauthor$4http://id.loc.gov/vocabulary/relators/aut$060571 907 $a.b10847972$b23-02-17$c28-06-02 912 $a991001441429707536 945 $aLE013 34A HAL11 (1994)$g1$i2013000035345$lle013$o-$pE0.00$q-$rl$s- $t0$u0$v0$w0$x0$y.i10958940$z28-06-02 996 $aTime-varying discrete linear systems.Input-output operators, Riccati equations, Disturbance attenuation$91456066 997 $aUNISALENTO 998 $ale013$b01-01-95$cm$da $e-$feng$gsz $h0$i1